Sermón panegírico en honor de María Santísima como Refugio de los pecadores predicado en la Iglesia de la Sta. Escuela de Christo...

Detalles Bibliográficos
Formato: Libro
Publicado: Guadalajara 1825
Materias:
Colección:Banco de datos
Acervo:Biblioteca del Ex Convento de Nuestra Señora de Guadalupe. Zacatecas
Tema general:Homilética
Notas:Buena. XI,8,6(3727). Encuadernado en un solo volumen con 11 sermones a las distintas festividades y santos. Sin marca de fuego
LEADER 00867nam a22001810004500
035 |a 42761 
036 |a 3945 
245 1 0 |a Sermón panegírico en honor de María Santísima como Refugio de los pecadores predicado en la Iglesia de la Sta. Escuela de Christo... 
260 |a Guadalajara  |b ed. José Mariano del Refugio de Hoyos, imp. Mariano Rodríguez  |c 1825 
500 |a Buena. XI,8,6(3727). Encuadernado en un solo volumen con 11 sermones a las distintas festividades y santos. Sin marca de fuego 
650 1 0 |a Homilética 
949 |a CRZ-CG 
959 |a Ex convento de Nuestra Señora de Guadalupe, Museo Regional de Zacatecas, Zacatecas  |b CCC4 
960 |a Convento de Nuestra Señora de Guadalupe, Zacatecas  |b DD87 
961 |a Franciscana  |b OF 
942 |c CRZ-CG 
943 |g Biblioteca del Ex Convento de Nuestra Señora de Guadalupe. Zacatecas 
999 |c 966888  |d 966888